Europei 2024 - Rosa nazionale: Olanda - Statistics

Statistiche generali
  • Questo quiz è stato fatto 14 volte
  • Il punteggio medio è 13 su 27
Statistiche sulle risposte
# Ruolo Giocatore % Corretto
4 D Virgil van Dijk
92%
10 A Memphis Depay
85%
22 D Denzel Dumfries
77%
9 A Wout Weghorst
77%
11 A Cody Gakpo
69%
3 D Matthijs De Ligt
69%
1 P Bart Verbruggen
62%
14 C Tijjani Reijnders
62%
8 C Georginio Wijnaldum
54%
26 C Ryan Gravenberch
54%
6 D Stefan De Vrij
54%
15 D Micky van de Ven
46%
5 D Nathan Aké
46%
- Allenatore Ronald Koeman
46%
7 A Xavi Simons
46%
19 A Brian Brobbey
38%
17 D Daley Blind
38%
18 A Donyell Malen
38%
21 A Joshua Zirkzee
38%
20 C Ian Maatsen
31%
24 C Jerdy Schouten
31%
12 A Jeremie Frimpong
31%
13 P Justin Bijlow
31%
25 A Steven Bergwijn
23%
16 C Joey Veerman
15%
2 D Lutsharel Geertruida
15%
23 P Mark Flekken
15%
Nessun quiz corrispondente trovato
Distribuzione punteggi
Percentuale di utenti per punteggio
Percentile per numero di risposta
I tuoi punteggi nel tempo
Non hai fatto questo quiz